مكتبة جامعة عجلون الوطنية

فهرس بحث المكتبة

Normal view MARC view
  • التربية الإسلامية. حسن البنا، حسن أحمد عبد الرحمن، الشيخ، 1324-1368 هـ -الإخوان المسلمون (مصر)

Entry Topical Term

Number of records used in: 1

001 - CONTROL NUMBER

  • control field: 40715

003 - CONTROL NUMBER IDENTIFIER

  • control field: JO-AjAnu

005 - DATE AND TIME OF LATEST TRANSACTION

  • control field: 20230606080748.0

008 - FIXED-LENGTH DATA ELEMENTS

  • fixed length control field: 230606|| aca||aabn | a|a d

040 ## - CATALOGING SOURCE

  • Original cataloging agency: JO-AjAnu
  • Transcribing agency: JO-AjAnu

150 ## - HEADING--TOPICAL TERM

  • Topical term or geographic name entry element: التربية الإسلامية. حسن البنا، حسن أحمد عبد الرحمن، الشيخ، 1324-1368 هـ -الإخوان المسلمون (مصر)

670 ## - SOURCE DATA FOUND

  • Source citation: Work cat.: (JO-AjAnu)20869: القرضاوي، يوسف, author 40714, التربية الإسلامية ومدرسة حسن البنا (بمناسبة مرور ثلاثين عاما على إستشهاد الإمام حسن البنا)